000 00280nam a22001217a 4500
008 181122b xxu||||| |||| 00| 0 eng d
041 _aeng
080 _a616.12
100 _a7
101 _aKARD
245 _aAdvanced Concepts in Arrhythmias
_cMarriott,H.J.L
942 _2udc
_cBK
999 _c52341
_d52341